000 00442nam a2200157Ia 4500
999 _c19268
_d19268
003 OSt
005 20200703144006.0
008 190216s9999||||xx |||||||||||||| ||und||
040 _coclc
082 _a940
_bFAR/B
100 _aFarm, Jericho
_93530
245 0 _aBeginning Of Modern Europe /
_cJericho Farm
260 _bS Chand & Co,
_c1990.
_aNew Delhi:
300 _a837p
942 _cBK
_2ddc
_h940
_iFAR/B
_k940
_mFAR/B